[Event "Rio de Janeiro Tijuca Tenis Club 2nd"]
[Site "Rio de Janeiro"]
[Date "2011.06.30"]
[Round "1.6"]
[White "Alves da Silva, Roberto Carlos A"]
[Black "Santos Filho, Tadeu Souza"]
[Result "0-1"]
[WhiteElo "1442"]
[BlackElo "2066"]
[PlyCount "68"]
[EventDate "2011.06.27"]
[EventType "swiss"]
[EventRounds "6"]
[EventCountry "BRA"]
[SourceTitle "EXT 2022"]
[Source "ChessBase"]
[SourceDate "2021.10.06"]
[SourceVersion "1"]
[SourceVersionDate "2021.10.06"]
[SourceQuality "1"]

1. e4 c5 2. Nf3 d6 3. c3 Nf6 4. d3 Nc6 5. Be2 g6 6. 0-0 Bg7 7. Bg5 h6 8. Bc1 0-0 9. Nbd2 Rb8 10. Qc2 b5 11. b3 b4 12. Bb2 bxc3 13. Bxc3 Nb4 14. Bxb4 Rxb4 15. Rab1 Nh5 16. Nc4 Nf4 17. Qd2 g5 18. g3 Nxe2+ 19. Qxe2 Bg4 20. Qe3 a5 21. d4 cxd4 22. Nxd4 Qa8 23. Nf5 Bxf5 24. exf5 Bf6 25. Nb6 Qb7 26. Nc4 a4 27. Na5 Qd5 28. Nc6 Re4 29. Qb6 axb3 30. axb3 h5 31. Qb7 Qxf5 32. Rfe1 Re8 33. Rxe4 Qxe4 34. Qd7 Rf8 0-1